|
|
|
|
| LEADER |
01563nam a2200289 a 4500 |
| 001 |
15058123 |
| 008 |
110223r20092005njua b 001 0 eng d |
| 010 |
|
|
|a 2007044011
|
| 020 |
|
|
|a 9788120330467
|
| 040 |
|
|
|a DLC
|c DLC
|d BAKER
|d C#P
|d YDXCP
|d BWX
|d DLC
|d BD-DhAAL
|
| 050 |
0 |
0 |
|a HD30.27
|b .H37 2005
|
| 082 |
0 |
0 |
|a 658.4/0355
|2 22
|
| 100 |
1 |
|
|a Hanke, John E.,
|d 1940-
|
| 245 |
1 |
0 |
|a Business forecasting /
|c John E. Hanke, Dean W. Wichern.
|
| 250 |
|
|
|a 8th ed.
|
| 260 |
|
|
|a Upper Saddle River, N.J. ;
|a New Delhi :
|b Pearson/Prentice Hall,
|c c2005 [reprinted 2009].
|
| 300 |
|
|
|a xv, 535 p. :
|b ill. ;
|c 24 cm. +
|e 1 CD-ROM (4 3/4 in.)
|
| 504 |
|
|
|a Includes bibliographical references and index.
|
| 541 |
1 |
|
|e 00021944
|
| 650 |
|
0 |
|a Business forecasting.
|
| 700 |
1 |
|
|a Wichern, Dean W.
|
| 852 |
|
|
|a Ayesha Abed Library
|c General Shelf.
|
| 999 |
|
|
|c 10462
|d 10462
|
| 952 |
|
|
|0 0
|1 0
|2 ddc
|4 0
|6 658_403550000000000_HAN
|7 0
|9 14399
|a BRACUL
|b BRACUL
|c GEN
|d 2011-02-23
|e Ideal Library Ltd.
|g 574.00
|l 3
|m 24
|o 658.40355 HAN
|p 3010021944
|r 2019-07-24
|s 2019-06-27
|t 1
|w 2011-02-23
|y BK
|
| 952 |
|
|
|0 0
|1 0
|2 ddc
|4 0
|6 658_403550000000000_HAN
|7 0
|9 14400
|a BRACUL
|b BRACUL
|c GEN
|d 2011-02-23
|e Ideal Library Ltd.
|g 574.00
|l 0
|o 658.40355 HAN
|p 3010021943
|r 2011-02-23
|t 2
|w 2011-02-23
|y BK
|
| 952 |
|
|
|0 0
|1 0
|2 ddc
|4 0
|6 658_403550000000000_HAN
|7 0
|9 14401
|a BRACUL
|b BRACUL
|c AV
|d 2011-02-23
|l 0
|o 658.40355 HAN
|p 4010021944
|r 2011-02-23
|t 1
|w 2011-02-23
|y AV
|
| 952 |
|
|
|0 0
|1 0
|2 ddc
|4 0
|6 658_403550000000000_HAN
|7 0
|9 14402
|a BRACUL
|b BRACUL
|c AV
|d 2011-02-23
|e Ideal Library Ltd.
|l 0
|o 658.40355 HAN
|p 4010021943
|r 2011-02-23
|t 2
|w 2011-02-23
|y AV
|